Readings in Human Resource Management
Gespeichert in:
| Format: | Buch |
|---|---|
| Sprache: | Englisch |
| Veröffentlicht: |
Burr Ridge
Irwin
1994
|
| Ausgabe: | 1. ed. |
| Schlagworte: | |
| Tags: |
Keine Tags, Fügen Sie das erste Tag hinzu!
|
MARC
| LEADER | 00000nam a2200000 4500 | ||
|---|---|---|---|
| 001 | c014264 | ||
| 005 | 20221205141008.1 | ||
| 020 | |a 0-256-14852-X | ||
| 041 | 0 | |a eng | |
| 044 | |a US | ||
| 245 | 1 | 0 | |a Readings in Human Resource Management |
| 250 | |a 1. ed. | ||
| 264 | 1 | |a Burr Ridge |b Irwin |c 1994 | |
| 300 | |a 690 s. | ||
| 610 | 2 | 0 | |a zdroje ľudské |
| 610 | 2 | 0 | |a riadenie |
| 610 | 2 | 0 | |a manažment personálny |